Eastern Utah Libraries Catalog: Duchesne, Heber, Roosevelt, & Vernal

Gardening with foliage first : (Record no. 301165)

MARC details
000 -LEADER
fixed length control field 05213cam a2200613 i 4500
001 - CONTROL NUMBER
control field ocn948805202
003 - CONTROL NUMBER IDENTIFIER
control field OCoLC
005 - DATE AND TIME OF LATEST TRANSACTION
control field 20200320204059.0
008 - FIXED-LENGTH DATA ELEMENTS--GENERAL INFORMATION
fixed length control field 160418t20172017orua b 001 0 eng c
010 ## - LIBRARY OF CONGRESS CONTROL NUMBER
LC control number 2016018329
020 ## - INTERNATIONAL STANDARD BOOK NUMBER
International Standard Book Number 9781604696646
Qualifying information (paperback)
020 ## - INTERNATIONAL STANDARD BOOK NUMBER
International Standard Book Number 1604696648
Qualifying information (paperback)
020 ## - INTERNATIONAL STANDARD BOOK NUMBER
Terms of availability 24.95
029 1# - (OCLC)
OCLC library identifier AU@
System control number 000057398855
035 ## - SYSTEM CONTROL NUMBER
System control number (OCoLC)948805202
040 ## - CATALOGING SOURCE
Original cataloging agency DNAL/DLC
Language of cataloging eng
Description conventions rda
Transcribing agency AGL
Modifying agency DLC
-- OCLCF
-- JAI
-- VP@
-- BTCTA
-- YDX
-- YDX
-- OCLCO
-- AZZPT
-- OSU
-- OCLCQ
-- IGA
-- WACOL
042 ## - AUTHENTICATION CODE
Authentication code pcc
049 ## - LOCAL HOLDINGS (OCLC)
Holding library WACL
050 00 - LIBRARY OF CONGRESS CALL NUMBER
Classification number SB431
Item number .C492 2017
070 0# - NATIONAL AGRICULTURAL LIBRARY CALL NUMBER
Classification number SB431
Item number .C485 2017
082 00 - DEWEY DECIMAL CLASSIFICATION NUMBER
Classification number 635.9/75
Edition number 23
092 ## - LOCALLY ASSIGNED DEWEY CALL NUMBER (OCLC)
Classification number 635.9
Item number Cha
100 1# - MAIN ENTRY--PERSONAL NAME
Personal name Chapman, Karen
Titles and other words associated with a name (Landscape designer),
Relator term author.
9 (RLIN) 5943492
245 10 - TITLE STATEMENT
Title Gardening with foliage first :
Remainder of title 127 dazzling combinations that pair the beauty of leaves with flowers, bark, berries, and more /
Statement of responsibility, etc Karen Chapman and Christina Salwitz.
264 #1 - Production, Publication, Distribution, Manufacture, and Copyright Notice.
Place of production, publication, distribution, manufacture Portland, Oregon :
Name of producer, publisher, distributor, manufacturer Timber Press,
Date of production, publication, distribution, manufacture, or copyr 2017.
264 #4 - Production, Publication, Distribution, Manufacture, and Copyright Notice.
Date of production, publication, distribution, manufacture, or copyr ©2017
300 ## - PHYSICAL DESCRIPTION
Extent 340 pages :
Other physical details color illustrations ;
Dimensions 27 cm
336 ## - Content Type
Content type term text
337 ## - Media type
Media type term unmediated
338 ## - Carrier type
Carrier type term volume
504 ## - BIBLIOGRAPHY, ETC. NOTE
Bibliography, etc Includes bibliographical references and index.
505 0# - FORMATTED CONTENTS NOTE
Formatted contents note Cover; Title Page; Copyright Page; Table of Contents; Introduction; Combinations for Spring and Summer; Captivating Combinations for Bright Locations; Bad Hair Day; Color and Cut; Smoke Signals; Savvy Solution; Aging Gracefully; Fit for a King; Pocket Prairie; Sitting Pretty; Dripping with Jewels; The Long View; Bee Happy; Calculated Risk; Contained Excitement; Cherry Garcia; Dipped in Rosé; Pizzazz with Palms; Treasure Hunt; Twist and Shout; Will-O'-the Wisp; Foliage Explosion; Summer Crunch; Naughty But Nice; Gone Fishing; In the Spotlight; Puzzle Me Perfect; Midas Touch.
505 8# - FORMATTED CONTENTS NOTE
Formatted contents note Beauty Without the Beast; Berry Fiesta; Make a Wish; Lemon Layer Cake; Secret Weapon; Tropical Tapestry; Picture of Innocence; Citrus Splash; Final Flourish; Sassitude; The Gilded Age; Summer Galaxy; Portable Portrait; Color Play; Purple Passion; Shadows and Silhouettes; Incredible Edibles; Unexpected Prize; Nesting Instincts; Pretty in Pink; Focal Point Formula; The Green Light; Flavour of the Month; Easy Breezy; Welcome to the Party; Silver Dust; Cool Ideas for Shaded Spaces; Aquascapes; Unlikely Trio; All the Right Notes; Casual Sophistication; Abstract Art; Tropical Staycation.
505 8# - FORMATTED CONTENTS NOTE
Formatted contents note Lemon Drop Martini; Connect the Dots; Petite Beauty; Sharing the Spotlight; Spring Fever; Color Carousel; The New Black; The Magpie Effect; A Plum Opportunity; The Bells of Spring; Blues with a Feeling; Double Duty; Sunrise, Sunset; Whipped Cream on Lemon Mousse; Triptych; Dreamsicle; Star Struck; Vivid, Vivacious, and Violet; Tickled Pink; Limited Edition; Rustic with a Twist; Delicate Details; Mixed and Match; Stalwart Standouts; Rich and Robust; Jurassic Moment; Pineapple Crush; Starburst; Combinations for Fall and Winter; Dazzling Displays for Sunny Areas; Understated Opulence.
505 8# - FORMATTED CONTENTS NOTE
Formatted contents note Berries, Blades, and Branches; A Warm Embrace; Dinosaur Soup; Golden Moments; Ice Cream Sandwich; A Point in Time; Rainless, Rocky, and Restful; Scentsational; Winter Whites; Bejeweled; Cabbage Queen; Fall Symphony; Mixed-up Mosaic; Swimming with Succulents; Sculptures and Skeletons; Mise en Place; Lovable Rogue; A Vertical Twist; The Ticklish Porcupine; Fire and Ice; Serendipity; Traffic Alert; Balance; Emerald Isle; Pumpkin Spice Latte; Golden Threads; Soup for the Soul; Inspired Designs for Shady Locations; Winter Sparklers; Pure Indulgence; A Queen and Her Court; Hanky Panky in the Shade.
505 8# - FORMATTED CONTENTS NOTE
Formatted contents note Classics Ablaze; A Woodland Romance; Fuss-free Drama; A Winter Romance; Ring of Fire; Almost Native; Cool Cola; Frills and Fronds; Contemporary Holiday; Metric Conversions; Further Reading; Acknowledgments; Photo Credits; Design and Location Credits; Index; About the Authors.
520 ## - SUMMARY, ETC.
Summary, etc Gardening with Foliage First has something for every gardener-beginners will learn how to choose the right foliage plants, experienced gardeners will be inspired by fresh twists on old favorites, and everyone will be encouraged to create a beautiful, year-round garden.
650 #0 - SUBJECT ADDED ENTRY--TOPICAL TERM
Topical term or geographic name as entry element Foliage plants.
9 (RLIN) 84082
650 #0 - SUBJECT ADDED ENTRY--TOPICAL TERM
Topical term or geographic name as entry element Gardening.
9 (RLIN) 5943493
650 #7 - SUBJECT ADDED ENTRY--TOPICAL TERM
Topical term or geographic name as entry element Foliage plants.
Source of heading or term fast
-- (OCoLC)fst00928563
9 (RLIN) 84082
650 #7 - SUBJECT ADDED ENTRY--TOPICAL TERM
Topical term or geographic name as entry element Gardening.
Source of heading or term fast
-- (OCoLC)fst00937852
9 (RLIN) 5943493
650 #7 - SUBJECT ADDED ENTRY--TOPICAL TERM
Topical term or geographic name as entry element ARCHITECTURE / Landscape.
Source of heading or term bisacsh
9 (RLIN) 5943494
650 #7 - SUBJECT ADDED ENTRY--TOPICAL TERM
Topical term or geographic name as entry element GARDENING / Garden Design.
Source of heading or term bisacsh
9 (RLIN) 5943495
650 #7 - SUBJECT ADDED ENTRY--TOPICAL TERM
Topical term or geographic name as entry element GARDENING / Ornamental Plants.
Source of heading or term bisacsh
9 (RLIN) 5943496
650 #7 - SUBJECT ADDED ENTRY--TOPICAL TERM
Topical term or geographic name as entry element GARDENING / Shrubs.
Source of heading or term bisacsh
9 (RLIN) 5943497
650 #7 - SUBJECT ADDED ENTRY--TOPICAL TERM
Topical term or geographic name as entry element GARDENING / Trees.
Source of heading or term bisacsh
9 (RLIN) 5943498
700 1# - ADDED ENTRY--PERSONAL NAME
Personal name Salwitz, Christina,
Relator term author.
9 (RLIN) 5943499
776 08 - ADDITIONAL PHYSICAL FORM ENTRY
Display text Online version:
Main entry heading Chapman, Karen (Landscape designer).
Title Gardening with foliage first.
Place, publisher, and date of publication Portland, Oregon : Timber Press, 2017
International Standard Book Number 9781604697834
938 ## -
-- YBP Library Services
-- YANK
-- 12736349
942 ## - ADDED ENTRY ELEMENTS (KOHA)
Koha item type BOOK
948 ## - LOCAL PROCESSING INFORMATION (OCLC); SERIES PART DESIGNATOR (RLIN)
Series part designator, SPT (RLIN) 05/24/2017
b (OCLC) 05/26/2017
z (OCLC) Sirsi
994 ## -
-- C0
-- WACOL
996 ## -
-- 140641
-- 34301001500075
-- NF
-- bk
-- wcl
-- i
-- 7
-- 24.95
-- sebco
-- 635.9 Cha
-- 05/26/2017
-- 03/17/2020
-- 03/06/2020
Holdings
Withdrawn status Lost status Source of classification or shelving scheme Damaged status Not for loan Collection code Home library Current library Shelving location Date acquired Source of acquisition Cost, normal purchase price Total Checkouts Total Renewals Full call number Barcode Date last seen Date checked out Cost, replacement price Price effective from Koha item type
    Dewey Decimal Classification     General NonFiction Wasatch County Library Wasatch County Library Second Floor 05/26/2017 SEBCO 24.95 13 6 635.9 Cha 34301001500075 11/17/2025 11/03/2025 24.95 03/20/2020 BOOK
This project was made possible through a grant from the Institute of Museum and Library Service administered by the Utah State Library Division.

Wasatch County Library

  • 465 East 1200 South, Heber City, Utah 84032
  • Phone 435-654-1511 | Fax 435-654-6456

Hours

  • Monday - Friday 9:30 AM - 8:00 PM
  • Saturday 9:30 AM - 1:30 PM
  • Closed Sundays and Holidays